000 01244nam0a22002771 4500
001 rc\2211517
005 20250623001844.0
035 _a(NLR Aleph) 006487996
090 _a6102569
_c6102569
100 _a20110829g19781979|||y0rusy50 ca
101 0 _arus
102 _aRU
105 _ay z |||||
200 1 _aПособие по обучению чтению экономической литературы на английском языке
_e(Для слушателей III-го курса)
_fГерман Э.И., Лукьянова Н.А., Меньшова И.В., Шестакова Н.Н.
_gОбщ. ред. преп. Лукьяновой Н.А.
210 _aМосква
_cБ. и.
_d1978 (вып. дан. 1979)
215 _a[4], 330 с.
_d29
300 _aВ надзаг.: Всесоюз. акад. внеш. торговли. Каф. англ. яз., Фак. экономистов внеш. торговли
701 1 _aМеньшова
_bИ.В.
701 1 _aШестакова
_bН.Н.
701 1 _aГерман
_bЭ.И.
702 1 _aЛукьянова
_bН.А.
_gНаталья Анатольевна
_4570
801 0 _aRU
_bNLR
_gpsbo
801 1 _aRU
_bELAR
_2rusmarc
852 _aNLR
_j81-8/801
942 _cBOOK
980 _aNB